[Event "Interzonal-15"]
[Site "Manila"]
[Date "1990.??.??"]
[Round "12"]
[White "Spasov, Vasil"]
[Black "Dzindzichashvili, Roman"]
[Result "1/2-1/2"]
[WhiteElo "2495"]
[BlackElo "2560"]
[Annotator "King,D"]
[PlyCount "70"]
[EventDate "1990.06.29"]
[EventType "swiss"]
[EventRounds "13"]
[EventCountry "PHI"]
[SourceTitle "CBM 019"]
[Source "ChessBase"]
[SourceDate "1990.12.01"]
[SourceVersion "1"]
[SourceVersionDate "1990.12.01"]
[SourceQuality "1"]

1. e4 d5 2. exd5 Nf6 3. d4 Nxd5 4. g3 {Not quite as lame as it looks: on the
long diagonal the bishop deters black's breaks, c5 and e5.} g6 5. Bg2 Bg7 6.
Nf3 O-O 7. O-O Bg4 8. h3 Bxf3 9. Qxf3 c6 10. Qb3 Qb6 11. c3 e6 12. Nd2 Nd7 13.
Nc4 Qc7 14. Bd2 b5 15. Ne3 N7b6 16. Rad1 a5 17. Qc2 a4 18. Rfe1 Nxe3 19. Bxe3
Nd5 20. Bc1 Rfd8 21. a3 Rd7 22. h4 (22. c4 $5 bxc4 23. Qxc4 {/\><c6}) 22... Bf6
23. Bg5 Bxg5 24. hxg5 Rad8 25. Qe4 Ne7 26. Qe5 Qxe5 27. Rxe5 Nd5 28. Bf3 Kg7
29. Kg2 h6 30. gxh6+ Kxh6 31. Re4 Kg7 32. Rh4 Rh8 33. Rxh8 Kxh8 34. Rc1 Rb7 35.
Kf1 Kg7 1/2-1/2

[Event "Kerteminde"]
[Site "Kerteminde"]
[Date "1991.??.??"]
[Round "2"]
[White "Hector, Jonny"]
[Black "Hansen, Curt"]
[Result "1-0"]
[WhiteElo "2465"]
[BlackElo "2565"]
[Annotator "King,D"]
[PlyCount "79"]
[EventDate "1991.02.??"]
[EventType "tourn"]
[EventRounds "9"]
[EventCountry "DEN"]
[EventCategory "10"]
[SourceTitle "CBM 023"]
[Source "ChessBase"]
[SourceDate "1991.08.01"]
[SourceVersion "1"]
[SourceVersionDate "1991.08.01"]
[SourceQuality "1"]

1. e4 d5 2. exd5 Qxd5 3. Nc3 Qa5 4. d4 Nf6 5. Nf3 Bf5 6. Ne5 c6 7. g4 Be6 8.
Nc4 Bxc4 9. Bxc4 e6 10. Qe2 Bb4 11. Bd2 Nbd7 12. Rg1 O-O-O 13. a3 Nd5 14. Nxd5
Bxd2+ 15. Qxd2 Qxd2+ 16. Kxd2 cxd5 17. Bd3 h5 18. g5 g6 19. a4 $14 {It is not
easy for black to fully equalise. Here he might have tried 19...a5 with the
idea Nd7-b8-c6.} e5 20. Rae1 exd4 21. Re7 Rhf8 22. Rge1 Nc5 23. a5 Rd7 24. R1e5
Rxe7 25. Rxe7 f6 26. Bxg6 fxg5 27. Ke2 Rf4 28. Re5 Na4 29. Rxg5 h4 30. Rxd5
Nxb2 31. f3 Na4 32. Rf5 Rxf5 33. Bxf5+ Kc7 34. Kd3 Kd6 35. Kxd4 b6 36. axb6
Nxb6 37. c4 Na4 38. Bb1 Nc5 39. f4 a5 40. f5 1-0

[Event "Bahrain"]
[Site "Bahrain"]
[Date "1990.??.??"]
[Round "6"]
[White "Hakki, Imad"]
[Black "Bellon Lopez, Juan Manuel"]
[Result "0-1"]
[WhiteElo "2330"]
[BlackElo "2445"]
[Annotator "King,D"]
[PlyCount "123"]
[EventDate "1990.??.??"]
[EventType "tourn"]
[EventRounds "11"]
[EventCountry "BAH"]
[EventCategory "7"]
[SourceTitle "CBM 020"]
[Source "ChessBase"]
[SourceDate "1991.02.01"]
[SourceVersion "1"]
[SourceVersionDate "1991.02.01"]
[SourceQuality "1"]

1. e4 d5 2. exd5 Nf6 3. d4 Nxd5 4. Nf3 g6 5. h3 $1 Bg7 6. Be2 O-O 7. c4 Nb6 8.
O-O c5 9. d5 e6 10. Nc3 exd5 11. cxd5 Re8 12. Bg5 Bf6 13. Qd2 N8d7 14. Be3 a6
15. a4 Ne5 16. Nxe5 Bxe5 17. Bxc5 Bxc3 18. bxc3 Nxd5 19. Bf3 Be6 20. c4 {
20.Bd4 +/- ; 20.a5 +/- .} Ne7 21. Qf4 Rc8 22. Rfd1 Qa5 23. Ba3 Nf5 24. Bb2 h6
25. Bxb7 Rxc4 26. Qd2 Qc7 27. Bxa6 Rc2 28. Qb4 Qa7 29. Rd2 Rxb2 30. Qxb2 Qxa6
31. Qf6 Qa5 32. Rad1 Qxa4 33. Rd8 Kh7 34. Rxe8 Qxd1+ 35. Kh2 Qd6+ 36. Kg1 Ng7
37. Rd8 Qc7 38. Ra8 Bd5 39. Rf8 Qc1+ 40. Kh2 Qc7+ 41. Kg1 g5 42. Qd4 Qc1+ 43.
Kh2 Qc6 44. Qe5 Qe6 45. Qxe6 Bxe6 46. Ra8 Nf5 47. Ra4 Kg6 48. g4 Ne7 49. f4
gxf4 50. Rxf4 h5 51. Kg3 Kg5 52. Ra4 hxg4 53. hxg4 Nc6 54. Ra8 Ne5 55. Ra5 f6
56. Ra7 Bxg4 57. Rg7+ Kf5 58. Ra7 Be2 59. Rh7 Ke4 60. Rh4+ Bg4 61. Rh1 Ke3 62.
Rh8 0-1

[Event "Capablanca Memorial Elite 47th"]
[Site "Havana"]
[Date "2012.05.11"]
[Round "7"]
[White "Dominguez Perez, Leinier"]
[Black "Ivanchuk, Vassily"]
[Result "0-1"]
[WhiteElo "2725"]
[BlackElo "2764"]
[Annotator "Knaak,R"]
[PlyCount "76"]
[EventDate "2012.05.03"]
[EventType "tourn"]
[EventRounds "10"]
[EventCountry "CUB"]
[EventCategory "18"]
[SourceTitle "CBM 149"]
[Source "ChessBase"]
[SourceDate "2012.07.17"]
[SourceVersion "1"]
[SourceVersionDate "2012.07.17"]
[SourceQuality "1"]

{Ivanchuk gehört zu den Spielern, auf die man sich fast gar nicht vorbereiten
kann, weil sie fast jede Eröffnung kennen. Gegen die kubanische Nr. 1, Leinier
Dominguez Perez, probierte der Ukrainer sogar Skandinavisch aus - mit Erfolg.} 
1. e4 d5 2. exd5 Qxd5 3. Nc3 Qa5 4. d4 Nf6 5. Bd2 c6 6. Bd3 Bg4 7. f3 Bh5 8.
Nge2 Nbd7 9. Nf4 Bg6 10. Nxg6 hxg6 11. Qe2 e6 {Weiß ist nicht schlecht aus der
Eröffnung herausgekommen, aber es fehlt ein guter Plan.} 12. Ne4 Bb4 13. c3 Be7
14. g3 Nxe4 15. fxe4 {Natürlich kann diese Änderung der Bauernstruktur nicht
schlecht für Weiß sein, aber das Risiko steigt.} Bg5 $1 16. O-O Bxd2 17. Qxd2
c5 18. Qf2 O-O 19. e5 $1 {Sonst spielt Schwarz selbst e6-e5 und der Bd3 wird
schwach.} Rad8 20. Be4 cxd4 21. cxd4 Nb8 $3 {Das ist viel stärker als z.B. den
Springer über b6 nach d5 zu führen, dann könnte Weiß am Königsflügel angreifen.
} 22. Rad1 ({Nach} 22. Bxb7 $6 Qb6 23. Bg2 Qxd4 {wird auch der Bauer e5 nicht
zu halten sein.}) 22... Nc6 23. Rd3 Qb6 24. Rfd1 Rd7 25. Rb3 Qa6 26. Ra3 Qb5
27. Bxc6 {Weiß kann diesen Tausch höchstens hinausschieben.} bxc6 $1 {Jetzt
liegt stets c6-c5 in der Luft.} 28. Rf1 $6 ({Richtig ist} 28. Rc3 Rfd8 29. Rf1
{und die Stellung befindet sich völlig im Gleichgewicht, weil Schwarz auf f7
und c6 ebenfalls Schwächen hat.}) 28... f5 $1 {Das muss ein Schock für den
Kubaner gewesen sein, denn Schwarz hat sich der Schwäche f7 entledigt.} 29. b3
$2 {Weiß will d4 von der Seite decken, sodass c6-c5 keine Gefahr darstellt. Es
gab zwei bessere Varianten:} ({Nach} 29. exf6 Rxf6 30. Rf3 {kann Schwarz einen
Bauern gewinnen, aber Weiß behält Remischancen.}) ({Noch besser ist} 29. Rc1 $1
Rfd8 30. Rb3 Qa4 31. Ra3 {und Schwarz hat wohl gar keinen Vorteil.}) 29... Rfd8
30. Ra4 c5 $1 31. dxc5 Rd2 $1 {Nun taucht ein neues Motiv auf: Angriff gegen
den doch arg geschwächten weißen König.} 32. Qf3 Qxc5+ 33. Kh1 Qc2 34. Rc4 ({
Oder} 34. Rh4 g5 35. Rh5 Rd1 {usw.}) 34... Qxa2 35. Rh4 g5 36. Rh5 g4 37. Qc6
Qxb3 38. Rg5 Rd1 0-1

[Event "EU-Cup 10th Group3"]
[Site "Strasbourg"]
[Date "1994.09.03"]
[Round "2"]
[White "Martens, Martin"]
[Black "Rocha, Sergio MC"]
[Result "1/2-1/2"]
[WhiteElo "2415"]
[BlackElo "2370"]
[Annotator "Konikowski,J"]
[PlyCount "77"]
[EventDate "1994.09.02"]
[EventType "team-k.o."]
[EventRounds "3"]
[EventCountry "FRA"]
[SourceTitle "EXT 2020"]
[Source "ChessBase"]
[SourceDate "2019.10.17"]
[SourceVersion "1"]
[SourceVersionDate "2019.10.17"]
[SourceQuality "1"]
[WhiteTeam "Breda Panfox"]
[BlackTeam "Lisbon TLP"]
[WhiteTeamCountry "NED"]
[BlackTeamCountry "POL"]

1. e4 d5 2. exd5 Nf6 3. c4 e6 $5 4. dxe6 Bxe6 5. Nf3 Nc6 6. Be2 (6. d4 Bb4+ 7.
Nc3 Ne4 8. Bd2 Nxd2 9. Qxd2 Qe7 10. Qe3 O-O-O 11. O-O-O Rhe8 12. d5 Bxc3 13.
Qxc3 Nb4 {~= Mortensen-Thorhallsson/Gausdal/1987/}) 6... Bc5 7. O-O Qd7 8. a3
Nd4 (8... a5 $5) 9. Nxd4 Qxd4 10. Nc3 Qh4 11. Nb5 O-O-O 12. b4 Bd4 13. Rb1 Ng4
(13... Bf5 14. Rb3 $1) 14. Bxg4 Bxg4 15. Qc2 Be2 16. Qf5+ Kb8 17. g3 (17. Re1
Bd3 $1) 17... Qh6 18. d3 Qc6 19. Nxd4 Rxd4 20. b5 Qd6 21. Bf4 (21. Bb2 Rxd3 22.
Bxg7 Re8 (22... Rg8 23. Be5 Qd7 24. Qxd7 Rxd7 25. Rfc1 Re8 26. f4 Rd2 $132) 23.
Rfe1 Qg6 24. Qxg6 hxg6 25. Rb2 Rd1 26. Rxd1 Bxd1 27. Rd2 Bf3 {= ^-}) 21... Rxf4
22. Qxf4 Qxf4 23. gxf4 Bxd3 24. c5 Bxb1 25. Rxb1 Re8 26. Kg2 Kc8 27. Kf3 Re6
28. a4 (28. Rg1 $5) 28... Rh6 29. Kg3 Re6 30. Kf3 Rh6 31. Kg3 Re6 32. Kf3 Rh6
33. Kg3 Re6 34. Kf3 Kd7 35. Rd1+ Ke7 36. Rd4 Rh6 37. Kg3 Re6 38. Kf3 Rh6 39.
Kg3 1/2-1/2

[Event "BUL-ch 68th"]
[Site "Sofia"]
[Date "2004.04.29"]
[Round "7"]
[White "Cheparinov, Ivan"]
[Black "Dochev, Dimitar"]
[Result "1-0"]
[WhiteElo "2555"]
[BlackElo "2359"]
[Annotator "Kostakiev,D"]
[PlyCount "79"]
[EventDate "2004.04.24"]
[EventType "tourn"]
[EventRounds "13"]
[EventCountry "BUL"]
[EventCategory "8"]
[SourceTitle "CBM 100 Extra"]
[Source "ChessBase"]
[SourceDate "2004.07.06"]
[SourceVersion "2"]
[SourceVersionDate "2004.07.06"]
[SourceQuality "1"]

1. e4 d5 2. exd5 Qxd5 3. Nc3 Qd6 4. d4 Nf6 5. Nf3 a6 6. Bd3 Bg4 7. h3 Bh5 8.
Ne4 Nxe4 9. Bxe4 Nd7 10. c3 $1 $146 (10. O-O O-O-O 11. Bd3 e5 12. c3 exd4 13.
cxd4 Kb8 14. Be3 Nf6 15. Be2 Nd5 {0-1 Carrillo,J-Bratanov,Z/Metz 2002/CBM 87
ext (25)}) 10... c6 (10... Bg6 $5 11. Qe2 O-O-O 12. O-O $14) 11. O-O e6 (11...
Nf6 $1 12. Bd3 e6 $11) 12. Qb3 Qc7 (12... f5 $6 13. Bc2 Bxf3 14. gxf3 O-O-O 15.
Re1 $16) 13. Re1 Nf6 14. Bf4 $3 {[#]} Qc8 (14... Qxf4 15. Qxb7 Rb8 16. Qxc6+
Kd8 17. Ne5 $16 Qh4 (17... Be7 18. Bf3 Bg6 (18... Bxf3 $4 19. Nxf7#)) 18. g4 $1
Qg5 19. h4 $1 $18 Qxh4 20. gxh5 Qxh5 21. Bf3 Qg5+ 22. Kf1 Qf5 23. Nxf7+ Ke7 24.
Qc7+ Nd7 25. Ne5 $18) 15. Ne5 {[#]} Bd6 $6 (15... Nxe4 $142 16. Rxe4 b5 17. c4
$1 (17. Rae1 Be7 18. c4 O-O 19. cxb5 cxb5 20. g4 Bg6 21. Nxg6 hxg6 22. d5 $16)
17... Qb7 18. a4 Rb8 19. g4 $18) 16. Nxf7 $1 Bxf4 17. Nxh8 Kf8 18. Bxh7 Nxh7
19. Rxe6 {R+PPP >> BB} Qd7 {[#]} 20. Rae1 $6 $16 (20. g4 $1 $18 Ng5 21. gxh5
Qxe6 22. Ng6+ Kg8 23. Nxf4 Qxb3 24. axb3 $18) 20... Re8 21. Rxe8+ Bxe8 22. Qc2
Nf6 23. Ng6+ Bxg6 24. Qxg6 Bc7 (24... Qd5 25. a3 Bd2 26. Re2 $16) 25. Qg5 Kg8
26. Qe3 Qd5 $16 (26... Nd5 27. Qe4 $16) 27. Qe6+ Qxe6 28. Rxe6 Kf7 29. Re2 (29.
Re1 Nd5 30. g3 $16) 29... b5 (29... Bd6 30. g3 $16) 30. g3 (30. a3 a5 31. h4
Nd5 32. g3 $16) 30... a5 31. Kg2 (31. f4) 31... Nd5 (31... a4 32. b3 Ba5 33.
Rc2 Nd5 34. c4 Nb4 35. Re2 $16) 32. Kf3 a4 33. Rc2 Ba5 34. Ke4 a3 $2 (34... Ke6
$142 35. f4 Kd6 36. a3 Bd8 37. f5 $16) 35. bxa3 $18 Nb6 (35... Ke6 36. c4 bxc4
37. Rxc4 $18) 36. Kd3 Ke6 37. Re2+ Kd5 38. Re5+ Kd6 39. Rg5 Na4 40. Rxg7 1-0

[Event "Poikovsky Karpov 10th"]
[Site "Poikovsky"]
[Date "2009.06.07"]
[Round "5"]
[White "Motylev, Alexander"]
[Black "Inarkiev, Ernesto"]
[Result "1/2-1/2"]
[WhiteElo "2677"]
[BlackElo "2676"]
[Annotator "Kritz,L"]
[PlyCount "36"]
[EventDate "2009.06.03"]
[EventType "tourn"]
[EventRounds "9"]
[EventCountry "RUS"]
[EventCategory "18"]
[SourceTitle "CBM 131"]
[Source "ChessBase"]
[SourceDate "2009.07.15"]
[SourceVersion "1"]
[SourceVersionDate "2009.07.15"]
[SourceQuality "1"]

1. e4 d5 {Abgesehen davon, dass Skandinavisch überhaupt eine sehr zähe
Eröffnung ist, gegen einen so guten Theoretiker wie Motylev ist es sicher eine
gute Wahl.} 2. exd5 Qxd5 3. Nc3 (3. Nf3 $5 {Dieser Zug ist zwar nicht so
populär, aber er verdient auf jeden Fall genaue Betrachtung.} Bg4 4. Be2 Nc6 5.
d4 O-O-O 6. c4 Qf5 7. Be3 Bxf3 8. Bxf3 Nxd4 9. Bxd4 Qe6+ 10. Be2 Qe4 11. O-O
Qxd4 12. Qa4 e6 13. Nc3 $44 {Brandenburg - Tiviakov (Hilversum, 2008)}) 3...
Qd6 ({Auch} 3... Qa5 {ist durchaus spielbar.} 4. d4 Nf6 5. Nf3 c6 6. Bc4 Bf5 (
6... Bg4 7. h3 Bh5 8. g4 Bg6 9. Ne5 e6 10. h4 $14 {Die weiße Initiative ist
sehr gefährlich.}) 7. Bd2 e6 8. Nd5 Qd8 9. Nxf6+ gxf6 (9... Qxf6 10. Qe2 Bg4 (
10... Bxc2 11. O-O Bd6 12. d5 cxd5 13. Bxd5 Nc6 14. Bxc6+ bxc6 15. Qc4 $18 {
Jonkman - De Vreugt (Tel Aviv, 2000)}) 11. d5 $1 Bxf3 12. gxf3 cxd5 13. Bxd5
Nd7 14. O-O-O (14. Bxb7 Qxb2 15. Bxa8 Qxa1+ 16. Qd1 Qxa2 $15) 14... O-O-O 15.
Be4 Qe5 16. Bc3 $36 {Shirov - Bauer (Pamplona, 2006)}) 10. Bb3 (10. c3 Nd7 11.
Nh4 Nb6 12. Bb3 Bd3 13. Qf3 Bc4 14. O-O-O Be7 15. Rhe1 Qd5 $11 {Cheparinov -
Bauer (Kemer, 2007)}) 10... Nd7 11. Nh4 Bg6 12. Qf3 f5 13. g3 Nf6 14. Nxg6 hxg6
15. O-O-O Bh6 $11 {Landa - Prie (Ajaccio, 2007)}) 4. d4 Nf6 5. Nf3 ({
Betrachtung verdient das von Garry Kasparov gespielte} 5. Bd3 $5 Bg4 6. f3 Bh5
7. Nge2 {Weiß gewinnt Zeit für die Vollendung seiner Entwicklung.} a6 8. Bf4
Qd7 9. d5 $1 Bg6 (9... Nxd5 10. Bf5 $1 e6 (10... Qxf5 11. Nxd5 $18) 11. Nxd5
Qxd5 12. Qxd5 exd5 13. O-O-O c6 14. Rhe1 $18) 10. Qd2 Bxd3 11. Qxd3 g6 12.
O-O-O $16 {Kasparov - Rogers (Batumi, 2001)}) 5... g6 $6 {Es ist schwer
vorstellbar, dass solch eine langsame Entwicklung zu einer guten Stellung
führen kann.} (5... a6 {ist wohl der beste Zug.} 6. g3 Bg4 $1 {Nachdem Weiß g3
gezogen hat, kann Schwarz zu dem Standardplan Bg4-c6 wechseln.} 7. Bg2 c6 (7...
Nc6 8. O-O O-O-O 9. d5 Nb4 10. h3 Bh5 11. Bf4 $16 {Die weiße Initiative ist
eindeutig zu stark.}) 8. Bf4 Qd8 9. h3 Bxf3 10. Qxf3 e6 {Der Läufer auf g2 ist
aus dem Spiel ausgeschaltet.} 11. O-O-O Be7 12. g4 Nbd7 13. Kb1 Nd5 $11 {
Svidler - Tiviakov (Turin, 2006)}) (5... c6 6. Ne5 Nbd7 7. Nc4 (7. Bf4 Nd5 8.
Nxd5 Qxd5 9. Be2 Nxe5 10. Bxe5 Qxg2 11. Bf3 Qg6 12. d5 Bg4 $1 13. dxc6 bxc6 14.
Qe2 Bxf3 15. Qxf3 Rd8 16. Rd1 Qe6 17. O-O Rxd1 18. Rxd1 h5 $132 {Anand -
Tiviakov (Wijk aan Zee, 2006)}) 7... Qc7 8. Qf3 Nb6 9. Bf4 Qd8 10. Be5 Bg4 11.
Qg3 $14 {Grischuk - Tiviakov (Sochi, 2006)}) (5... Bg4 {ist zu früh.} 6. h3
Bxf3 7. Qxf3 c6 8. Be3 e6 9. O-O-O Be7 10. Kb1 Nbd7 11. Bd3 $14 {Vorobiov -
Hasangatin (Cappelle la Grande, 2006)}) 6. Nb5 $6 {Der direkte Versuch den
schwarzen Aufbau zu widerlegen bringt kein Erfolg.} ({Eine mögliche
Fortsetzung ist} 6. Bc4 Bg7 7. O-O O-O 8. h3 $14 {Psakhis - Epishin 
(Vlissingen, 2000)}) (6. g3 {bringt eher wenig} Bg7 7. Bg2 Qa6 8. Bf4 c6 9. Ne5
O-O 10. Qe2 Qxe2+ 11. Nxe2 Nd5 $11 {Balogh - Czebe (Nyiregyhaza, 2008)}) (6.
Be3 $5 {ist eine logische Reaktion gegen das Fianchetto von Schwarz.} Bg7 7.
Qd2 O-O 8. O-O-O $14 {Dank der besseren Entwicklung hat Weiß bessere Chancen,
einen Angriff auf den gegnerischen König durchzuführen.}) 6... Qb6 7. c4 (7.
Bf4 Nd5 8. Be5 f6 9. Bg3 a6 10. Nc3 Be6 $132) 7... c6 8. Nc3 {Was Weiß
eigentlich erreicht hat, ist dass er seinen Zentrumsbauern d4 geschwächt hat.
Jetzt wird schwarze Entwicklung mittels Bg7 gerechtfertigt.} Bg4 $1 (8... Bg7
9. h3 O-O 10. Bd3 $14 {Schwarz hat nun ein anderes strategisches Problem - den
Läufer c8.}) 9. Be2 Bg7 10. O-O O-O 11. h3 Bxf3 12. Bxf3 Nbd7 $11 (12... e6 {
ist auch möglich, aber damit legt sich Schwarz mit seinen Plänen fest. Der
Partiezug lässt Schwarz die Möglichkeit offen, e5 zu spielen.}) 13. Re1 Rfe8
14. d5 {Weiß will nicht länger warten, bis Schwarz e5 durchzieht, denn danach
kann er eventuell sogar schlechter stehen.} (14. Bf4 Qxb2 15. Re3 Qb6 16. Rb1
Qa6 $13 {Weiß hat sicherlich gute Kompensation für den Bauern, aber Schwarz
verfügt über genügend Mittel, um relativ ungefährdet davon zu kommen. Immerhin
sind alle schwarzen Figuren entwickelt.}) (14. Rb1 e5 $1 15. d5 cxd5 16. Nxd5 (
16. cxd5 Bf8 $1 $132) 16... Nxd5 17. Bxd5 (17. cxd5 Bf8 $132) 17... Nf6 18. Bf3
e4 19. Be3 Qc6 20. Be2 Rad8 $132) 14... Rad8 15. Qb3 (15. dxc6 $2 Ne5 16. Qe2
Nxf3+ 17. Qxf3 bxc6 $15 {Schwarz hat die bessere Entwicklung und übt Druck Auf
die weiße Stellung aus.}) 15... cxd5 16. cxd5 (16. Nxd5 Nxd5 17. Bxd5 Nc5 $1
18. Qxb6 axb6 $36) 16... a6 17. Bg5 Qxb3 18. axb3 h6 {Die Stellung ist im
ungefähren Gleichgewicht, es ist eher Schwarz, der hier um Vorteil spielen
kann.} 1/2-1/2

[Event "ISR-chT"]
[Site "Israel"]
[Date "1999.04.21"]
[Round "9"]
[White "Kundin, Alexander"]
[Black "Berkovich, Mark A"]
[Result "0-1"]
[WhiteElo "2400"]
[BlackElo "2420"]
[Annotator "Kundin,A"]
[PlyCount "66"]
[EventDate "1999.01.??"]
[EventType "team"]
[EventRounds "11"]
[EventCountry "ISR"]
[SourceTitle "CBM 070"]
[Source "ChessBase"]
[SourceDate "1999.06.08"]
[SourceVersion "1"]
[SourceVersionDate "1999.06.08"]
[SourceQuality "1"]

1. e4 d5 2. exd5 Qxd5 3. Nc3 Qa5 4. d4 Nf6 5. Nf3 Bg4 6. h3 Bh5 7. g4 Bg6 8.
Ne5 e6 9. h4 Ne4 $6 $146 10. Bd2 $1 {This move promises white a dangerous
initiative.} (10. Bg2 $2 {This move looks good, but seems to be not so good
after} Nxc3 $1 (10... c6 $6 11. Bd2 $1 (11. Nxg6 Nxc3 12. bxc3 hxg6 $13) (11.
h5 Nxc3 12. bxc3 Qxc3+ 13. Bd2 Qxd4 14. Nf3 Qe4+ 15. Kf1 Qc4+ $19) 11... Nxc3
$8 12. bxc3 $1 (12. Bxc3 Bb4 $13) 12... f6 13. h5 Bf7 14. Nxf7 Kxf7 $16) (10...
Bb4 $2 11. Nxg6 Bxc3+ (11... Nxc3 12. bxc3 Bxc3+ 13. Bd2 $18) 12. bxc3 Qxc3+
13. Kf1 $18) (10... Nd7 $2 11. Nxd7 Kxd7 12. h5 Nxc3 13. bxc3 $18) 11. bxc3 {
[%tqu "En","","","","a5c3","",20,"c7c6","",0]} Qxc3+ $1 (11... c6 12. Rh3 f6 $8
13. h5 Bf7 14. Nxf7 Kxf7 15. Rb1 Qc7 16. Qe2 $16) 12. Bd2 Qxd4 13. Nxg6 hxg6
14. Bxb7 Qe5+ $1 $19) 10... Nxc3 (10... Nxd2 $6 11. Qxd2 Bb4 12. Bg2 $16) (
10... Bb4 $6 11. h5 $1 (11. Nxg6 Bxc3 $8 12. Nxh8 $6 (12. bxc3 hxg6 $11) 12...
Bxd2+ 13. Ke2 Nc6 $40) 11... Bxc3 12. bxc3 Nxd2 13. hxg6 Qxc3 14. Bb5+ $1 (14.
gxf7+ Ke7 15. Qxd2 Qxa1+ 16. Ke2 $44) 14... c6 15. Rxh7 Nb3+ 16. Kf1 Rxh7 17.
gxh7 Qh3+ 18. Kg1 Nxa1 (18... Qxh7 19. Bd3 $18) 19. Qf3 Qxh7 20. Qxf7+ Kd8 21.
Qf8+ Kc7 22. Qe7+ $18) 11. bxc3 $1 $16 {White has a serious initiative. Right
now it is difficult to defend against the coming Bg2-h5 or c4.} (11. Bxc3 Bb4
$11) 11... Qd5 12. Rh3 Nd7 (12... Qe4+ 13. Re3 Qxc2 14. Bg2 Qxd1+ 15. Kxd1 c6
16. h5 f6 17. hxg6 fxe5 18. Rxe5 (18. Rxe5 Bd6 (18... hxg6 19. Rb1 $16))) 13.
h5 $2 (13. Re3 $2 Nxe5 14. Rxe5 Qh1 15. h5 Be4 16. Qe2 Bf3 $15 17. Rxe6+ $2 Kd7
$1 $19) (13. Nxd7 $1 {This simple move grants white an easily won position.}
Qxd7 (13... Kxd7 $2 14. h5 Be4 15. f3 $18) 14. Bg2 h5 15. Bxb7 hxg4 (15... Rb8
16. Rb1 {/\Bc6}) 16. Qxg4 Rb8 17. Qg2 $18) 13... Nxe5 14. dxe5 Qxe5+ 15. Re3
Be4 $13 16. Qe2 (16. Bg2 f5 17. gxf5 (17. Bxe4 fxe4 18. Qe2 O-O-O 19. Rxe4 Qh2
$15) 17... exf5 18. Bxe4 (18. f3 $2 Qg3+ 19. Kf1 Bc5 20. Re2 O-O $19) 18...
fxe4 19. Qg4 Kf7 $1 $15) 16... f5 17. gxf5 (17. f3 $2 Qg3+ 18. Kd1 (18. Qf2 $2
Qxf2+ 19. Kxf2 Bc5 20. fxe4 f4 $19) 18... Bc6 19. gxf5 (19. Rxe6+ Kd7 $19)
19... O-O-O 20. fxe6 Bc5 $19) 17... exf5 18. f3 Bc5 19. fxe4 (19. Rd3 $2 O-O
20. fxe4 fxe4 {With a devastating attack for the black.}) 19... Bxe3 20. Qxe3
O-O-O $6 (20... Qxe4 21. Qxe4+ fxe4 {I think this position is equal. Black can
settle for exchanging all his three pawns on the king side for the h5 pawn,
thus remaining with three on three on the queen side which is an obvious draw.
Of course, black should exchange a pair of rooks at the process.} 22. Bg2 O-O-O
23. O-O-O Rd5 24. Rh1 Re8 25. Rh4 Ree5 $11) 21. exf5 (21. O-O-O Qa5 $8 (21...
Qxe4 22. Qxa7 $18) 22. exf5 Rhe8 (22... Qxa2 $2 23. Qe6+) 23. c4 Qxa2 24. Qc3
Re7 $14) (21. Bh3 $2 {A tempting, but not the best move.} Kb8 $1 22. Bxf5 (22.
exf5 $2 Rhe8 $19) 22... g6 23. Bg4 Rhe8 $11) 21... Qa5 22. Bc4 $6 (22. O-O-O $1
Rhe8 23. c4 Qxa2 24. Qc3 Re7 $14) 22... Kb8 $1 23. Be6 g6 24. c4 $4 $138 (24.
Rb1 gxf5 $15) 24... Rxd2 25. Qxd2 Qe5+ 26. Kf2 Qxa1 27. c3 Qh1 28. Qd4 Rf8 29.
hxg6 hxg6 30. Qg7 Qh4+ 31. Kg2 Rd8 32. Qe5 Qg4+ 33. Kf2 Rd2+ 0-1